000 00323nam a2200145Ia 4500
100 _aKrishnaswamy/K.N
942 _cBK
366 _f25
245 _aCases in operation Management
260 _bPrentice -Hall of India
_c2008
082 _a658.403 4
_bKRI
300 _a391
546 _aENGLISH
_cInfo.Tech
999 _c20161
_d20161